000
00375nam a2200145Ia 4500
008
231129s2000||||xx |||||||||||||| ||spa||
020
_a
958-8052-26-1
040
_b
spa
082
_a
770.9861 M963v
100
_a
Munera Jorge Mario
245
0
_a
Vista suelta
260
_c
2000
264
_a
Ministerio de Cultura
942
_2
ddc
_c
BKS
999
_c
26364
_d
26364